Central Library OPAC University of Rajshahi

বাংলাদেশের প্রবাদ : (Record no. 37188)

MARC details
000 -LEADER
fixed length control field 01576ntm a2200253 a 4500
001 - CONTROL NUMBER
control field 37188
003 - CONTROL NUMBER IDENTIFIER
rucl marc code BD-RjUL
005 - DATE AND TIME OF LATEST TRANSACTION
control field 20211209052604.0
008 - FIXED-LENGTH DATA ELEMENTS--GENERAL INFORMATION
fixed length control field 141029s2013 bg ||||| |||| 00| 0 ben d
035 ## - SYSTEM CONTROL NUMBER
System control number (BD-RjUL)37290
040 ## - CATALOGING SOURCE
Original cataloging agency BD-RjUL
Language of cataloging ben
Transcribing agency BD-RjUL
Modifying agency BD-RjUL
041 ## - LANGUAGE CODE
Language code of text/sound track or separate title ben
082 ## - DEWEY DECIMAL CLASSIFICATION NUMBER
Edition number 21
Classification number 398.99144
Author mark and year HOB 2013
100 ## - MAIN ENTRY--PERSONAL NAME
Personal name হোসেন, এস. এম. আশরাফুল
9 (RLIN) 113762
245 10 - TITLE STATEMENT
Title বাংলাদেশের প্রবাদ :
Remainder of title একটি সমাজতাত্ত্বিক বিশ্লেষণ /
Statement of responsibility, etc. এস. এম. আশরাফুল হোসেন ;
Linkage সুপারভাইজার : মোস্তফা তারিকুল আহসান
260 ## - PUBLICATION, DISTRIBUTION, ETC. (IMPRINT)
Place of publication, distribution, etc. রাজশাহী :
Name of publisher, distributor, etc. ফোকলোর বিভাগ, রাজশাহী বিশ্ববিদ্যালয়,
Date of publication, distribution, etc. ২০১৩
300 ## - PHYSICAL DESCRIPTION
Pagination [৭], ২৫১ পাতা :
Illustrations চিত্র ;
Size ২৮ সেমি.
502 ## - DISSERTATION NOTE
Dissertation note থিসিস: (পিএইচ ডি.)--ফোকলোর বিভাগ, রাজশাহী বিশ্ববিদ্যালয়, ২০১৩.
504 ## - BIBLIOGRAPHY, ETC. NOTE
Bibliography, etc গ্রন্থপঞ্জি : পাতা ১৮৬-১৮৯
650 ## - SUBJECT ADDED ENTRY--TOPICAL TERM
Topical term or geographic name as entry element প্রবাদসমূহ, বাংলা
Form subdivision ইতিহাস ও সমালোচনা
Geographic subdivision বাংলাদেশ
9 (RLIN) 113769
Topical term or geographic name as entry element Proverbs, Bengali
Form subdivision History and criticism
Geographic subdivision Bangladesh
9 (RLIN) 113770
700 ## - ADDED ENTRY--PERSONAL NAME
Personal name আহসান, মোস্তফা তারিকুল, সুপারভাইজার
942 ## - ADDED ENTRY ELEMENTS (KOHA)
Source of classification or shelving scheme Dewey Decimal Classification
Koha item type Theses
Holdings
Lost status Source of classification or shelving scheme Damaged status Not for loan Collection code Permanent Location Current Location Shelving location Date acquired Source of acquisition Cost, normal purchase price Total Checkouts Full call number Date last seen Copy number Koha item type
  Dewey Decimal Classification   Not For Loan Theses Central Library, University of Rajshahi Central Library, University of Rajshahi Documentation Section 24/09/2014 Controller of Examination Office, University of Rajshahi, Rajshahi. 0.00   BTHE 398.99144 HOB 2013 29/10/2014 C-1 Theses